PREPARATION OF PHYSIOLOGICALLY SIMULATED TESTING BENCHES AS PER ISO 25539 FOR THE TESTING OF VASCULAR IMPLANTS / (Record no. 608728)

000 -LEADER
fixed length control field 00594nam a22001577a 4500
003 - CONTROL NUMBER IDENTIFIER
control field NUST
082 ## - DEWEY DECIMAL CLASSIFICATION NUMBER
Classification number 621
100 ## - MAIN ENTRY--PERSONAL NAME
Personal name Bodla, Abdullah Talal
245 ## - TITLE STATEMENT
Title PREPARATION OF PHYSIOLOGICALLY SIMULATED TESTING BENCHES AS PER ISO 25539 FOR THE TESTING OF VASCULAR IMPLANTS /
Statement of responsibility, etc. Abdullah Talal Bodla
264 ## - PRODUCTION, PUBLICATION, DISTRIBUTION, MANUFACTURE, AND COPYRIGHT NOTICE
Place of production, publication, distribution, manufacture Islamabad:
Name of producer, publisher, distributor, manufacturer SMME- NUST.
Date of production, publication, distribution, manufacture, or copyright notice 2020.
300 ## - PHYSICAL DESCRIPTION
Extent 40p. ;
Other physical details Soft Copy ,
Dimensions 30cm.
650 ## - SUBJECT ADDED ENTRY--TOPICAL TERM
Topical term or geographic name entry element MS Mechanical Engineering
700 ## - ADDED ENTRY--PERSONAL NAME
Personal name Supervisor: Dr Murtaza Najabat Ali
856 ## - ELECTRONIC LOCATION AND ACCESS
Uniform Resource Identifier <a href="http://10.250.8.41:8080/xmlui/handle/123456789/28807">http://10.250.8.41:8080/xmlui/handle/123456789/28807</a>
942 ## - ADDED ENTRY ELEMENTS (KOHA)
Source of classification or shelving scheme
Koha item type Thesis
Holdings
Withdrawn status Permanent Location Current Location Shelving location Date acquired Full call number Barcode Koha item type
  School of Mechanical & Manufacturing Engineering (SMME) School of Mechanical & Manufacturing Engineering (SMME) Thesis 03/21/2024 621 SMME-TH-499 Thesis
© 2023 Central Library, National University of Sciences and Technology. All Rights Reserved.